[Event "Titled Tue 1st Jul Early"]
[Site "chess.com INT"]
[Date "2025.07.01"]
[Round "8"]
[White "Tica, Sven"]
[Black "Nepomniachtchi, Ian"]
[Result "0-1"]
[WhiteTitle "IM"]
[BlackTitle "GM"]
[WhiteElo "2442"]
[BlackElo "2742"]
[WhiteFideId "14526948"]
[BlackFideId "4168119"]
[EventDate "2025.07.01"]

1. Nf3 d5 2. g3 b6 3. Bg2 Bb7 4. O-O e6 5. b3 Nf6 6. Bb2 Nbd7 7. c4 dxc4 8. bxc4
c5 9. e3 Be7 10. Qe2 O-O 11. d3 Qc7 12. Nbd2 Rfd8 13. Ne1 Nf8 14. f4 Ng6 15. Ne4
Nxe4 16. dxe4 Rd7 17. h4 Rad8 18. Bc3 Nf8 19. h5 h6 20. Be5 Qc8 21. Bc3 Bc6 22.
Rc1 Qb7 23. Qc2 Nh7 24. e5 Nf8 25. Bxc6 Qxc6 26. Ng2 b5 27. Ba5 Rb8 28. cxb5
Rxb5 29. Bc3 Rd8 30. f5 exf5 31. Qxf5 Qe6 32. Qe4 Qxa2 33. Ra1 Qb3 34. Rxa7 Re8
35. Ba1 Ne6 36. Qf5 Ng5 37. Qd7 Rbb8 38. e6 Qxe6 39. Qc7 Bd6 40. Qc6 Bxg3 41.
Qxc5 Qh3 0-1

[Event "Titled Tue 1st Jul Early"]
[Site "chess.com INT"]
[Date "2025.07.01"]
[Round "8"]
[White "Osiecki, Stanislaw"]
[Black "Vifleemskaia, Svetlana"]
[Result "1-0"]
[WhiteTitle "FM"]
[BlackTitle "WFM"]
[WhiteElo "1944"]
[BlackElo "1942"]
[WhiteFideId "1102990"]
[BlackFideId "4129490"]
[EventDate "2025.07.01"]

1. e4 e5 2. Nf3 Nc6 3. Bb5 a6 4. Bxc6 dxc6 5. O-O Bg4 6. h3 h5 7. d3 Bd6 8. Be3
f5 9. exf5 Bxf5 10. Nbd2 Nf6 11. Bg5 Qd7 12. Re1 O-O-O 13. Nxe5 Bxe5 14. Rxe5
Rhe8 15. Bxf6 gxf6 16. Rxe8 Rxe8 17. Qf3 Rg8 18. Kh1 Be6 19. c4 f5 20. Nf1 h4
21. Rd1 Qd4 22. Qe2 Bd7 23. b3 f4 24. Nd2 Qb2 25. a4 f3 26. Qxf3 Qc2 27. Qe2 Re8
28. Qf1 Bf5 29. Nf3 Qxb3 30. Nd4 1-0

[Event "Titled Tue 1st Jul Early"]
[Site "chess.com INT"]
[Date "2025.07.01"]
[Round "8"]
[White "Sitnic, Adnan"]
[Black "Nugumanov, Bakhtiyar"]
[Result "0-1"]
[WhiteTitle "CM"]
[BlackTitle "IM"]
[WhiteElo "2058"]
[BlackElo "2305"]
[WhiteFideId "14403854"]
[BlackFideId "13701797"]
[EventDate "2025.07.01"]

1. e4 e6 2. d4 d5 3. e5 c5 4. c3 Nc6 5. Nf3 Bd7 6. Be2 Nge7 7. Na3 cxd4 8. cxd4
Nf5 9. Nc2 Rc8 10. O-O Qb6 11. b3 Be7 12. Bb2 O-O 13. h3 f6 14. g4 Nh6 15. exf6
gxf6 16. Ne3 Nf7 17. Kh1 Kh8 18. Rg1 Ng5 19. h4 Ne4 20. Qe1 Rg8 21. Rd1 Nb4 22.
Nd2 Nxd2 23. Qxd2 Nxa2 24. Bd3 Qxb3 25. Bb1 Nc3 26. Qd3 Rg7 27. Rc1 Qxb2 28. Bc2
Bb5 29. Qd2 Bb4 30. g5 Ne4 0-1

[Event "Titled Tue 1st Jul Early"]
[Site "chess.com INT"]
[Date "2025.07.01"]
[Round "8"]
[White "Devaev, Alexander"]
[Black "Erten, Kerem"]
[Result "0-1"]
[WhiteTitle "FM"]
[BlackTitle "FM"]
[WhiteElo "2306"]
[BlackElo "2374"]
[WhiteFideId "4169395"]
[BlackFideId "34588221"]
[EventDate "2025.07.01"]

1. d4 Nf6 2. c4 g6 3. Nc3 Bg7 4. e4 d6 5. Nf3 O-O 6. h3 Nbd7 7. Bg5 e5 8. d5 a5
9. g4 Nc5 10. Nd2 c6 11. Be2 h6 12. Be3 b5 13. cxb5 cxd5 14. exd5 Bb7 15. Nc4
Rc8 16. f3 e4 17. f4 Re8 18. O-O Nd3 19. Nb6 Nxb2 20. Qd2 Rxc3 21. Bd4 Rxh3 22.
Qxb2 Nxd5 23. Nxd5 Qh4 24. Bc4 Rh1+ 25. Kg2 Qh2# 0-1

[Event "Titled Tue 1st Jul Early"]
[Site "chess.com INT"]
[Date "2025.07.01"]
[Round "8"]
[White "Craciun, Sasha-Matei"]
[Black "Khoo-Thwe, Louis"]
[Result "0-1"]
[WhiteTitle "FM"]
[BlackTitle "CM"]
[WhiteElo "2320"]
[BlackElo "2232"]
[WhiteFideId "1281186"]
[BlackFideId "1538756"]
[EventDate "2025.07.01"]

1. e4 e5 2. Nf3 Nc6 3. d4 exd4 4. Bc4 Nf6 5. O-O Nxe4 6. Re1 d5 7. Bxd5 Qxd5 8.
Nc3 Qh5 9. Nxe4 Be6 10. Bg5 h6 11. Bf6 Qg6 12. Nh4 Qh7 13. Qf3 Be7 14. Bxe7 Nxe7
15. Qg3 O-O-O 16. a4 Nf5 17. Nxf5 Qxf5 18. a5 h5 19. a6 b6 20. Nd2 h4 21. Qxg7
Rhg8 22. Qe5 Rxg2+ 23. Kxg2 Qh3+ 24. Kh1 Bd5+ 25. Ne4 Qf3+ 26. Kg1 Rg8+ 27. Kf1
Bc4+ 0-1

[Event "Titled Tue 1st Jul Early"]
[Site "chess.com INT"]
[Date "2025.07.01"]
[Round "8"]
[White "Nikulina, Alena"]
[Black "Andrade, Ivan"]
[Result "0-1"]
[WhiteTitle "WFM"]
[BlackTitle "FM"]
[WhiteElo "1875"]
[BlackElo "2136"]
[WhiteFideId "4172051"]
[BlackFideId "14800039"]
[EventDate "2025.07.01"]

1. e4 c5 2. Nf3 d6 3. c3 Nf6 4. h3 g6 5. Bd3 Bg7 6. Bc2 O-O 7. O-O a6 8. Re1 c4
9. b3 b5 10. a4 Bb7 11. axb5 axb5 12. Rxa8 Bxa8 13. bxc4 bxc4 14. Na3 Qc7 15.
Qe2 Rc8 16. Nb5 Qc5 17. Na3 Nh5 18. g3 Nxg3 19. Qe3 Nh5 20. Qxc5 Rxc5 21. Bb1
Nd7 22. Ba2 Nb6 23. Nd4 Nf4 24. Kh2 Nd3 25. Rf1 Be5+ 26. Kg1 Bxe4 27. Nac2 Nf4
28. Re1 Nxh3+ 29. Kf1 Bd3+ 30. Kg2 Nf4+ 31. Kf3 h5 32. Bb1 g5 33. Ba3 g4+ 34.
Ke3 Ng2# 0-1

[Event "Titled Tue 1st Jul Early"]
[Site "chess.com INT"]
[Date "2025.07.01"]
[Round "8"]
[White "Lisenkov, Svyatoslav"]
[Black "Aarav Sinha"]
[Result "1-0"]
[WhiteTitle "CM"]
[BlackTitle "FM"]
[WhiteElo "2283"]
[BlackElo "2224"]
[WhiteFideId "34264183"]
[BlackFideId "25674064"]
[EventDate "2025.07.01"]

1. e4 c5 2. Nf3 d6 3. Nc3 a6 4. Be2 Nf6 5. O-O e5 6. d3 h6 7. Ne1 Be7 8. f4 exf4
9. Bxf4 Nc6 10. Nf3 Be6 11. Qd2 b5 12. Nd1 Qd7 13. c3 c4 14. Nf2 cxd3 15. Bxd3
Ng4 16. Nxg4 Bxg4 17. Nd4 Ne5 18. Nf5 Bxf5 19. exf5 Nxd3 20. Qxd3 O-O 21. Bxh6
gxh6 22. f6 Bxf6 23. Rxf6 Kg7 24. Raf1 Qg4 25. R6f3 Qe6 26. Re3 Qc4 27. Rg3+ Kh8
28. Qxd6 Kh7 29. Qf6 Rg8 30. Qxf7+ Qxf7 31. Rxf7+ Kh8 32. Rxg8+ Rxg8 33. Rf6 1-0

[Event "Titled Tue 1st Jul Early"]
[Site "chess.com INT"]
[Date "2025.07.01"]
[Round "8"]
[White "Goswami, Vedant"]
[Black "Khazan, Yevgeny"]
[Result "1-0"]
[WhiteTitle "FM"]
[BlackTitle "CM"]
[WhiteElo "2057"]
[BlackElo "2135"]
[WhiteFideId "5003725"]
[BlackFideId "2806193"]
[EventDate "2025.07.01"]

1. Nf3 Nf6 2. d4 g6 3. Bf4 Bg7 4. e3 d6 5. h3 O-O 6. Nbd2 Nfd7 7. Bc4 e5 8. Bg5
Qe8 9. c3 exd4 10. cxd4 c5 11. O-O Nc6 12. Re1 Kh8 13. Nb3 f5 14. Qd2 Nf6 15.
Bxf6 Bxf6 16. dxc5 dxc5 17. Nxc5 b6 18. Nd3 Bb7 19. Rac1 Rd8 20. Qe2 Na5 21. Nf4
Nxc4 22. Qxc4 Bxf3 23. gxf3 Bxb2 24. Rc2 Rc8 25. Qb3 Rxc2 26. Qxc2 Be5 27. Nd5
Qe6 28. Qb3 f4 29. exf4 Qxh3 30. Rxe5 Rc8 31. Qb2 Qxf3 32. Re8# 1-0

[Event "Titled Tue 1st Jul Early"]
[Site "chess.com INT"]
[Date "2025.07.01"]
[Round "8"]
[White "Arenas, David"]
[Black "McDonald, Jhustice-Dimonte"]
[Result "0-1"]
[WhiteTitle "GM"]
[BlackTitle "CM"]
[WhiteElo "2335"]
[BlackElo "2041"]
[WhiteFideId "4403177"]
[BlackFideId "7402481"]
[EventDate "2025.07.01"]

1. e4 b6 2. d4 Bb7 3. Bd3 d6 4. Nf3 g6 5. O-O Bg7 6. c3 Nf6 7. Re1 Nbd7 8. Nbd2
e5 9. Nf1 O-O 10. Ng3 Re8 11. a4 d5 12. Nxe5 Nxe5 13. dxe5 Nxe4 14. f4 Nxg3 15.
hxg3 d4 16. Bd2 dxc3 17. Bxc3 Qd5 18. Qc2 Rad8 19. Rad1 Bf8 20. Kh2 Qe6 21. Bb5
Qg4 22. Be2 Qe6 23. Bd4 Rxd4 24. Rxd4 Bc5 25. Rd2 g5 26. Red1 Qh6+ 0-1

[Event "Titled Tue 1st Jul Early"]
[Site "chess.com INT"]
[Date "2025.07.01"]
[Round "8"]
[White "Gavarrete, Nahun"]
[Black "Pribelszky, Bence"]
[Result "0-1"]
[WhiteTitle "FM"]
[BlackTitle "IM"]
[WhiteElo "2281"]
[BlackElo "2401"]
[WhiteFideId "8400709"]
[BlackFideId "769738"]
[EventDate "2025.07.01"]

1. e4 c5 2. Nc3 a6 3. a4 e6 4. g3 d5 5. exd5 exd5 6. d4 Nf6 7. Be3 Nc6 8. Bg2
cxd4 9. Bxd4 Bb4 10. Ne2 h5 11. O-O h4 12. Bxf6 Qxf6 13. Nxd5 Qh6 14. Nc7+ Ke7
15. Nd4 hxg3 16. Nxc6+ bxc6 17. Qe2+ Be6 18. h3 gxf2+ 19. Qxf2 Qh5 20. Nxe6 fxe6
21. Bxc6 Bc5 22. Rad1 Rad8 23. Bf3 Bxf2+ 24. Kxf2 Qc5+ 25. Kg2 Rxd1 26. Rxd1
Qxc2+ 27. Kg3 Qxb2 28. Rf1 Qe5+ 29. Kg2 Rb8 30. Bg4 Rb2+ 31. Kf3 Qe2+ 32. Kg3
Qxf1 33. Kh4 Qf2+ 34. Kh5 Qf6 35. h4 Qh6# 0-1

[Event "Titled Tue 1st Jul Early"]
[Site "chess.com INT"]
[Date "2025.07.01"]
[Round "8"]
[White "Hernandez Samayoa, Dilan Alexander"]
[Black "Montano Vicente, Guadalupe"]
[Result "1-0"]
[WhiteTitle "CM"]
[WhiteElo "2006"]
[BlackElo "1940"]
[WhiteFideId "7306679"]
[BlackFideId "5181399"]
[EventDate "2025.07.01"]

1. e4 c5 2. Nf3 d6 3. d4 cxd4 4. Nxd4 Nf6 5. Nc3 a6 6. Bc4 e6 7. O-O Nbd7 8.
Bxe6 fxe6 9. Nxe6 Qa5 10. Nd5 Nxd5 11. exd5 Nf6 12. Bd2 Qa4 13. Nc7+ Kd8 14.
Nxa8 Qb5 15. c4 Qxb2 16. Ba5+ Ke8 17. Nc7+ Kf7 18. Ne6 b5 19. Rc1 Bxe6 20. dxe6+
Kxe6 21. Re1+ Kf7 22. Bc3 Qxa2 23. Bxf6 gxf6 24. Qh5+ Kg8 25. Qg4+ Kf7 26. Qe6+
Kg7 27. Rc3 h5 28. Rg3+ Kh7 29. Qf5+ 1-0

[Event "Titled Tue 1st Jul Early"]
[Site "chess.com INT"]
[Date "2025.07.01"]
[Round "8"]
[White "Sahakyan, Aleks"]
[Black "Alonso Rosell, Alvar"]
[Result "1-0"]
[WhiteTitle "IM"]
[BlackTitle "GM"]
[WhiteElo "2405"]
[BlackElo "2536"]
[WhiteFideId "13316338"]
[BlackFideId "2270544"]
[EventDate "2025.07.01"]

1. e4 c6 2. d4 d5 3. exd5 cxd5 4. Bd3 Nc6 5. c3 e6 6. Nf3 Bd6 7. O-O Nge7 8. Re1
O-O 9. Ng5 h6 10. Nh7 Re8 11. Qh5 Nf5 12. g4 g6 13. Qh3 Kxh7 14. gxf5 exf5 15.
Qxh6+ Kg8 16. Rxe8+ Qxe8 17. Be3 f4 18. Bxf4 Qe1+ 19. Kg2 Bf8 20. Qh4 Ne7 21.
Be5 f6 22. Qxf6 Bg4 23. Bxg6 Bh3+ 24. Kxh3 Qf1+ 25. Kh4 1-0

[Event "Titled Tue 1st Jul Early"]
[Site "chess.com INT"]
[Date "2025.07.01"]
[Round "8"]
[White "Mattenberger, Matthias"]
[Black "Piesik, Piotr"]
[Result "1-0"]
[WhiteTitle "FM"]
[BlackTitle "IM"]
[WhiteElo "2276"]
[BlackElo "2436"]
[WhiteFideId "1339958"]
[BlackFideId "1136194"]
[EventDate "2025.07.01"]

1. d4 c5 2. d5 e5 3. e4 d6 4. Bb5+ Nd7 5. a4 Be7 6. Nf3 Nf6 7. Nc3 O-O 8. O-O
Ne8 9. Nd2 Nc7 10. Be2 b6 11. a5 Rb8 12. axb6 axb6 13. Nb5 Nxb5 14. Bxb5 Nf6 15.
Qe2 Bd7 16. Re1 Qc7 17. Nb1 Ra8 18. Rxa8 Rxa8 19. Nc3 Ra1 20. Bg5 Qa7 21. Bxd7
Rxe1+ 22. Qxe1 Qxd7 23. Bxf6 Bxf6 24. Qa1 h5 25. Qa8+ Kh7 26. h3 Bg5 27. Qc6 Qd8
28. Nb5 Be7 29. b3 Kg6 30. f4 exf4 31. e5 Kf5 32. exd6 Bh4 33. d7 Qe7 34. Nd6+
Ke5 35. d8=Q 1-0

[Event "Titled Tue 1st Jul Early"]
[Site "chess.com INT"]
[Date "2025.07.01"]
[Round "8"]
[White "King, Alexander"]
[Black "Chiappero, Julio Alfredo"]
[Result "1-0"]
[WhiteTitle "FM"]
[BlackTitle "FM"]
[WhiteElo "2263"]
[BlackElo "2238"]
[WhiteFideId "2063620"]
[BlackFideId "139998"]
[EventDate "2025.07.01"]

1. c4 e5 2. g3 Nc6 3. Bg2 f5 4. Nc3 Nf6 5. e3 d6 6. d4 g6 7. Nf3 Bg7 8. dxe5
dxe5 9. Qxd8+ Kxd8 10. e4 Be6 11. b3 h6 12. Nh4 Bf7 13. exf5 g5 14. Ng6 Re8 15.
Bb2 Nd4 16. O-O-O Kc8 17. Rhe1 Ng4 18. f3 Nxh2 19. Nd5 Ndxf3 20. Re2 Bxg6 21.
fxg6 c6 22. Ne3 Kc7 23. Nf5 Bf6 24. Nxh6 g4 25. Nxg4 Nxg4 26. Bxf3 Bg5+ 27. Kb1
Ne3 28. Rde1 e4 29. Bh5 Nf5 30. g7 Nxg3 31. Bxe8 Nxe2 32. g8=Q 1-0

[Event "Titled Tue 1st Jul Early"]
[Site "chess.com INT"]
[Date "2025.07.01"]
[Round "8"]
[White "Moghaddamian, Afshin"]
[Black "Keatinge-Clay, Adrian"]
[Result "1-0"]
[WhiteTitle "CM"]
[BlackTitle "FM"]
[WhiteElo "2126"]
[BlackElo "2232"]
[WhiteFideId "12503886"]
[BlackFideId "2011867"]
[EventDate "2025.07.01"]

1. Nf3 d5 2. g3 c5 3. Bg2 Nc6 4. d4 Nf6 5. O-O cxd4 6. Nxd4 e6 7. c4 Be7 8. cxd5
exd5 9. Nc3 O-O 10. Bg5 h6 11. Be3 Ng4 12. Bf4 Bf6 13. Ndb5 Be6 14. h3 Nge5 15.
Nxd5 Ng6 16. Bd6 Bxb2 17. Rb1 Be5 18. Bxf8 Qxf8 19. Ndc7 Rd8 20. Nxe6 fxe6 21.
Qb3 a6 22. Qxe6+ Kh7 23. Be4 Qf6 24. Bxg6+ Kxg6 25. Qg4+ Kh7 26. Na3 Rd2 27.
Rxb7 Rxe2 28. Qxe2 Qg6 29. Qc2 Nd4 30. Qxg6+ Kxg6 31. Nc4 1-0

[Event "Titled Tue 1st Jul Early"]
[Site "chess.com INT"]
[Date "2025.07.01"]
[Round "8"]
[White "Javakhadze, Zurab"]
[Black "Slovineanu, Viacheslav"]
[Result "1-0"]
[WhiteTitle "IM"]
[BlackTitle "IM"]
[WhiteElo "2418"]
[BlackElo "2412"]
[WhiteFideId "13603647"]
[BlackFideId "13900510"]
[EventDate "2025.07.01"]

1. e4 c6 2. d4 d5 3. e5 Bf5 4. Nf3 e6 5. Be2 Nd7 6. O-O a6 7. Be3 h6 8. Nbd2 c5
9. c4 dxc4 10. Nxc4 b5 11. Nd6+ Bxd6 12. exd6 c4 13. d5 Ngf6 14. Nd4 O-O 15.
dxe6 Bxe6 16. Bf3 Bd5 17. Nc6 Bxc6 18. Bxc6 Rb8 19. Ba7 Ne5 20. Bxb8 Qxb8 21.
Bf3 Rd8 22. Be2 Rxd6 23. Qc2 Nd3 24. Rad1 Qd8 25. b3 Nb4 26. Qc3 Nxa2 27. Qb2
cxb3 28. Qxb3 Rxd1 29. Rxd1 Qa5 30. Ra1 1-0

[Event "Titled Tue 1st Jul Early"]
[Site "chess.com INT"]
[Date "2025.07.01"]
[Round "8"]
[White "Arakelyan, Manvel"]
[Black "Sprenar, Petr"]
[Result "1-0"]
[WhiteTitle "FM"]
[BlackTitle "FM"]
[WhiteElo "2326"]
[BlackElo "2318"]
[WhiteFideId "13317415"]
[BlackFideId "397164"]
[EventDate "2025.07.01"]

1. e4 c5 2. Nf3 e6 3. c3 Nf6 4. e5 Nd5 5. a3 d6 6. d4 cxd4 7. c4 Nb6 8. Bg5 Be7
9. Bxe7 Qxe7 10. exd6 Qxd6 11. Qxd4 Qxd4 12. Nxd4 Bd7 13. Nc3 Nc6 14. Ndb5 Ke7
15. O-O-O a6 16. Nd6 Rab8 17. Be2 Rhd8 18. Nce4 Nc8 19. c5 Nxd6 20. Nxd6 Ne5 21.
Rhe1 Bc6 22. f3 Nd7 23. b4 b6 24. Bxa6 bxc5 25. b5 Ba8 26. Nc4 Nf6 27. a4 Rd4
28. Rxd4 cxd4 29. a5 Bd5 30. Ne5 Nd7 31. Nc6+ Bxc6 32. bxc6 Ra8 33. c7 1-0

[Event "Titled Tue 1st Jul Early"]
[Site "chess.com INT"]
[Date "2025.07.01"]
[Round "8"]
[White "Skliarov, Viktor"]
[Black "Bristy, Mukherjee"]
[Result "1-0"]
[WhiteTitle "IM"]
[BlackTitle "WFM"]
[WhiteElo "2334"]
[BlackElo "2031"]
[WhiteFideId "14106736"]
[BlackFideId "25077325"]
[EventDate "2025.07.01"]

1. e4 g6 2. d4 Bg7 3. Nc3 c5 4. dxc5 Bxc3+ 5. bxc3 Qa5 6. Qd4 Nf6 7. Qb4 Nc6 8.
Qxa5 Nxa5 9. f3 O-O 10. Be3 d5 11. cxd6 exd6 12. Bd4 Nd7 13. g4 Ne5 14. Kf2 Be6
15. h4 Rfc8 16. Bd3 Nac6 17. Ne2 a6 18. g5 b5 19. h5 Bc4 20. Ke3 Nxd4 21. cxd4
Nc6 22. Bxc4 bxc4 23. hxg6 fxg6 24. Rab1 Rab8 25. Nf4 Nb4 26. c3 Nc2+ 27. Kd2
Na3 28. Rxb8 Rxb8 29. Nd5 Rb2+ 30. Ke3 Nc2+ 31. Kf4 Rb7 32. Nf6+ Kh8 33. a4 Na3
34. e5 dxe5+ 35. dxe5 Nb1 36. e6 Nxc3 37. Ke5 h5 38. gxh6 Nxa4 39. Rd1 Rb5+ 40.
Rd5 Nc3 41. Rxb5 Nxb5 42. e7 Nc7 43. Kd6 Ne8+ 44. Nxe8 c3 45. Nf6 c2 46. e8=Q# 1-0

[Event "Titled Tue 1st Jul Early"]
[Site "chess.com INT"]
[Date "2025.07.01"]
[Round "8"]
[White "Atoyan, Alberto"]
[Black "Rustamov, Rustam"]
[Result "1-0"]
[WhiteTitle "CM"]
[BlackTitle "FM"]
[WhiteElo "2302"]
[BlackElo "2323"]
[WhiteFideId "13314831"]
[BlackFideId "13440110"]
[EventDate "2025.07.01"]

1. e4 c5 2. Nf3 d6 3. Bc4 Nf6 4. d3 g6 5. O-O Bg7 6. c3 O-O 7. Re1 Nc6 8. a4 e5
9. Nbd2 d5 10. exd5 Nxd5 11. a5 Be6 12. Ne4 b6 13. axb6 axb6 14. Rxa8 Qxa8 15.
Neg5 Qd8 16. Nxe6 fxe6 17. Ng5 Qd7 18. Qg4 Rf5 19. h4 Nce7 20. h5 gxh5 21. Qh3
b5 22. Bb3 h6 23. Ne4 Qc6 24. Ng3 Rf6 25. Nxh5 Rg6 26. Re4 c4 27. Bc2 Nf5 28.
Rg4 Qe8 29. dxc4 bxc4 30. Rxc4 Rg5 31. Bxg5 1-0

[Event "Titled Tue 1st Jul Early"]
[Site "chess.com INT"]
[Date "2025.07.01"]
[Round "8"]
[White "Mayank, Chakraborty"]
[Black "Niemann, Hans Moke"]
[Result "0-1"]
[WhiteTitle "IM"]
[BlackTitle "GM"]
[WhiteElo "2448"]
[BlackElo "2736"]
[WhiteFideId "25659766"]
[BlackFideId "2093596"]
[EventDate "2025.07.01"]

1. d4 Nf6 2. c4 e6 3. g3 c5 4. Nf3 cxd4 5. Nxd4 a6 6. Bg2 Qc7 7. Nd2 Nc6 8. Nxc6
dxc6 9. O-O e5 10. Qc2 Be7 11. b3 O-O 12. Bb2 Be6 13. Nf3 Nd7 14. Rad1 Rad8 15.
Bc3 f6 16. Nh4 f5 17. Nf3 Bf6 18. Qb2 Rfe8 19. Rd2 c5 20. Rfd1 e4 21. Bxf6 Nxf6
22. Ng5 Bc8 23. e3 Rxd2 24. Qxd2 h6 25. Nh3 g5 26. Qd6 Qxd6 27. Rxd6 Kf7 28. Bf1
Ke7 29. Rd1 Bd7 30. a4 Rc8 31. Kg2 Rc6 32. a5 Rd6 33. Rxd6 Kxd6 34. Ng1 Ng4 35.
Ne2 Ne5 36. Nc3 Nc6 37. Be2 Nxa5 38. Bd1 b5 39. cxb5 axb5 40. Kf1 b4 41. Na2 c4
42. bxc4 b3 43. Nc3 Kc5 44. Ke1 Be6 45. Kd2 Nxc4+ 46. Kc1 Ne5 47. Kd2 Kb4 48.
Ne2 b2 49. Kc2 Bb3+ 0-1

[Event "Titled Tue 1st Jul Early"]
[Site "chess.com INT"]
[Date "2025.07.01"]
[Round "8"]
[White "Bruhovich, Olexandr"]
[Black "Light, Bjarne"]
[Result "0-1"]
[WhiteTitle "CM"]
[BlackTitle "CM"]
[WhiteElo "2208"]
[BlackElo "2227"]
[WhiteFideId "14119919"]
[BlackFideId "1401360"]
[EventDate "2025.07.01"]

1. e4 c5 2. c3 e6 3. Nf3 d5 4. exd5 exd5 5. d4 Nc6 6. Bd3 Bd6 7. O-O Nge7 8. h3
O-O 9. Be3 b6 10. Na3 a6 11. dxc5 bxc5 12. Nc2 Rb8 13. Rb1 Bf5 14. Kh1 Bxd3 15.
Qxd3 Qa5 16. Bc1 Ne5 17. Nxe5 Bxe5 18. Re1 Bf6 19. a3 Rfd8 20. Bf4 Rbc8 21. Qg3
Nf5 22. Qg4 g6 23. Be5 h5 24. Qf3 Bxe5 25. Rxe5 Qa4 26. b3 Qc6 27. Rxf5 gxf5 28.
Ne3 d4 29. Qg3+ Qg6 30. cxd4 cxd4 31. Nxf5 Qxg3 32. Nxg3 d3 0-1

[Event "Titled Tue 1st Jul Early"]
[Site "chess.com INT"]
[Date "2025.07.01"]
[Round "8"]
[White "Ruiz Aguilar, Pablo Alexander"]
[Black "Porozhnyak, Maya"]
[Result "1-0"]
[WhiteTitle "FM"]
[BlackTitle "WCM"]
[WhiteElo "2141"]
[BlackElo "1953"]
[WhiteFideId "4401352"]
[BlackFideId "34115843"]
[EventDate "2025.07.01"]

1. e4 c5 2. Nf3 e6 3. d4 cxd4 4. Nxd4 a6 5. Nc3 Qc7 6. Bd3 Bb4 7. O-O Nf6 8. a3
Bd6 9. h3 O-O 10. Qe2 Nc6 11. Nxc6 dxc6 12. f4 e5 13. f5 Be7 14. Be3 c5 15. Bc4
Qc6 16. Nd5 Bd8 17. Nxf6+ Bxf6 18. Bd5 Qb6 19. b4 Be7 20. Qf2 Qc7 21. bxc5 Kh8
22. c4 Bd7 23. Rab1 Rab8 24. Rb6 f6 25. Rfb1 Bc8 26. c6 Bxa3 27. cxb7 Bd7 28. c5
Bb5 29. c6 Bd6 30. Bc5 Rfd8 31. Be3 Qe7 32. R6xb5 axb5 33. Rxb5 Bc7 34. Bc5 Qe8
35. Bb6 Qe7 36. Bxc7 Qxc7 37. Qb6 Qe7 38. c7 Re8 39. cxb8=Q Rxb8 40. Rc5 Qf8 41.
Qc7 Re8 42. Qc8 1-0

[Event "Titled Tue 1st Jul Early"]
[Site "chess.com INT"]
[Date "2025.07.01"]
[Round "8"]
[White "Aalto, Patrik"]
[Black "Politov, Pavel Y."]
[Result "1-0"]
[WhiteTitle "FM"]
[BlackTitle "FM"]
[WhiteElo "2316"]
[BlackElo "2190"]
[WhiteFideId "510726"]
[BlackFideId "24110515"]
[EventDate "2025.07.01"]

1. c4 Nf6 2. Nf3 e6 3. g3 d5 4. Bg2 Be7 5. O-O O-O 6. b3 d4 7. e3 Nc6 8. exd4
Nxd4 9. Bb2 c5 10. Nc3 Rb8 11. Re1 a6 12. Nxd4 cxd4 13. Ne4 b5 14. cxb5 axb5 15.
Nxf6+ Bxf6 16. Rc1 Bb7 17. Bxb7 Rxb7 18. Qf3 Qa8 19. a3 Bg5 20. Re2 Rd8 21. Qd3
Be7 22. b4 Bf6 23. Rc5 Rc8 24. Re4 e5 25. Rxc8+ Qxc8 26. f4 exf4 27. Rxf4 Re7
28. Rxf6 gxf6 29. Qxd4 Qe6 30. Qxf6 Qe2 31. Qg7# 1-0

[Event "Titled Tue 1st Jul Early"]
[Site "chess.com INT"]
[Date "2025.07.01"]
[Round "8"]
[White "Sheehan, Ethan"]
[Black "Faryma, Matviy"]
[Result "1-0"]
[WhiteElo "2366"]
[BlackElo "2230"]
[WhiteFideId "30943965"]
[BlackFideId "1961578"]
[EventDate "2025.07.01"]

1. d4 g6 2. Nf3 Bg7 3. c4 b6 4. Nc3 Bb7 5. e4 d6 6. h4 Nf6 7. Bd3 Nbd7 8. Qe2 e5
9. d5 Qe7 10. Bd2 a6 11. b4 O-O 12. O-O Nh5 13. g3 Kh8 14. a4 h6 15. a5 f5 16.
axb6 Nxb6 17. exf5 gxf5 18. Ng5 Nf4 19. Bxf4 hxg5 20. Bxg5 Qf7 21. Ra3 e4 22.
Bc2 Nd7 23. f3 e3 24. Qxe3 Rae8 25. Qd2 Ne5 26. Bd3 Qh5 27. Kg2 Bc8 28. Ne2 Qf7
29. Nf4 Nxd3 30. Qxd3 Re5 31. Ra2 Rfe8 32. Re2 Rxe2+ 33. Nxe2 f4 34. Nxf4 Bf5
35. Qd2 1-0

[Event "Titled Tue 1st Jul Early"]
[Site "chess.com INT"]
[Date "2025.07.01"]
[Round "8"]
[White "Gonzalez Mojica, Renan Arturo"]
[Black "Sydoryka, Vladyslav"]
[Result "1-0"]
[WhiteTitle "FM"]
[BlackTitle "FM"]
[WhiteElo "2098"]
[BlackElo "2246"]
[WhiteFideId "4482379"]
[BlackFideId "14145928"]
[EventDate "2025.07.01"]

1. d4 Nf6 2. c4 e6 3. Nc3 Bb4 4. f3 c5 5. d5 b5 6. e4 bxc4 7. Bxc4 Nxd5 8. Bxd5
exd5 9. Qxd5 Nc6 10. Ne2 Ba6 11. Kf2 O-O 12. Rd1 Qb6 13. Na4 Qa5 14. Nec3 Bxc3
15. Nxc3 Nb4 16. Qh5 Qb6 17. Be3 d6 18. Rab1 Nd3+ 19. Kg1 Rae8 20. Nd5 Qa5 21.
Bh6 f6 22. Qg4 g6 23. Qd7 1-0

[Event "Titled Tue 1st Jul Early"]
[Site "chess.com INT"]
[Date "2025.07.01"]
[Round "8"]
[White "Cori Quispe, Kevin Joel"]
[Black "Kravtsiv, Martyn"]
[Result "0-1"]
[WhiteTitle "GM"]
[BlackTitle "GM"]
[WhiteElo "2461"]
[BlackElo "2598"]
[WhiteFideId "3814017"]
[BlackFideId "14113147"]
[EventDate "2025.07.01"]

1. e4 e5 2. Nf3 Nc6 3. Bb5 a6 4. Ba4 Nf6 5. d3 b5 6. Bb3 Be7 7. O-O d6 8. c3 O-O
9. Re1 Na5 10. Bc2 c5 11. h3 Qc7 12. Nbd2 h6 13. Nf1 Be6 14. Ng3 Rfe8 15. Nh4
Bf8 16. Nhf5 d5 17. Qf3 Qd8 18. Be3 d4 19. cxd4 cxd4 20. Bd2 Rc8 21. Rec1 Kh7
22. Bd1 Rxc1 23. Bxc1 g6 24. Nh4 Ng8 25. Nhf5 gxf5 26. exf5 Bd5 27. Qh5 Nf6 28.
Qh4 Bg7 29. Bg5 Qd6 30. Rc1 Nc6 31. Bb3 Ne7 32. Bd2 Bxb3 33. axb3 Rc8 34. Re1
Ned5 35. Ne4 Nxe4 36. Rxe4 Nf6 37. Re2 a5 38. Bxa5 Rc1+ 39. Kh2 e4+ 40. g3 exd3
41. Re1 Rxe1 42. Bxe1 Qe5 43. Bd2 Qe4 44. Qf4 Qxf4 45. Bxf4 Ne4 46. Kg2 d2 47.
Bxd2 Nxd2 0-1